Band Members by Instrument - Miscellaneous Rock # 6 Edition - Statistics

General Stats
  • This quiz has been taken 94 times
  • The average score is 8 of 48
Answer Stats
Band Instrument or Role Answer % Correct
Dio (1982-1988) Vocals Ronnie James Dio
82%
Siouxsie and the Banshees (1980-1987) Vocals Siouxsie Sioux
65%
Faces (1969-1973) Vocals Rod Stewart
56%
Thin Lizzy (1974-1978) Vocals, Bass Phil Lynott
55%
Faces (1969-1973) Guitar Ronnie Wood
48%
The Doobie Brothers (1972-1979) Vocals, Keyboards (1975-1979) Michael McDonald
41%
Siouxsie and the Banshees (1980-1987) Guitar John McGeoch / Robert Smith / John V. Carruthers
26%
Dio (1982-1988) Guitar Vivian Campbell / Craig Goldy
24%
The Doobie Brothers (1972-1979) Lead Guitar (1974-1979) Jeff "Skunk" Baxter
21%
Faces (1969-1973) Drums Kenney Jones
21%
R.E.O. Speedwagon (1976-1988) Vocals, Rhythm Guitar Kevin Cronin
21%
Quiet Riot (1982-1987) Bass Rudy Sarzo / Chuck Wright
21%
Ratt (1983-1991) Vocals Stephen Pearcy
21%
Quiet Riot (1982-1987) Vocals Kevin DuBrow
17%
Faces (1969-1973) Bass Ronnie Lane
17%
Ratt (1983-1991) Lead Guitar Warren DeMartini
17%
The Doobie Brothers (1972-1979) Vocals, Rhythm Guitar (1972-1977) Tom Johnston
15%
Dio (1982-1988) Drums Vinny Appice
15%
The Damned (1981-1989) Guitar (1981-1984) Captain Sensible
14%
The Doobie Brothers (1972-1979) Lead Guitar, Rhythm Guitar Patrick Simmons
14%
Faces (1969-1973) Keyboards Ian McLagan
12%
Dio (1982-1988) Bass Jimmy Bain
12%
The Replacements (1979-1986) Vocals, Rhythm Guitar Paul Westerberg
12%
Quiet Riot (1982-1987) Guitar Carlos Cavazo
11%
The Damned (1981-1989) Vocals Dave Vanian
11%
Quiet Riot (1982-1987) Drums Frankie Banali
11%
Ratt (1983-1991) Rhythm Guitar Robbin Crosby
11%
The Replacements (1979-1986) Lead Guitar Bob Stinson
9%
Ratt (1983-1991) Bass Juan Croucier
9%
The Damned (1981-1989) Drums Rat Scabies
9%
The Replacements (1979-1986) Bass Tommy Stinson
9%
Ratt (1983-1991) Drums Bobby Blotzer
8%
Thin Lizzy (1974-1978) Guitar Brian Robertson
8%
The Replacements (1979-1986) Drums Chris Mars
8%
R.E.O. Speedwagon (1976-1988) Lead Guitar Gary Richrath
8%
Siouxsie and the Banshees (1980-1987) Bass Steven Severin
8%
The Doobie Brothers (1972-1979) Bass Tiran Porter
8%
Siouxsie and the Banshees (1980-1987) Drums Budgie
6%
Dio (1982-1988) Keyboards (1984-1988) Claude Schnell
6%
R.E.O. Speedwagon (1976-1988) Bass Gregg Philbin / Bruce Hall
6%
R.E.O. Speedwagon (1976-1988) Keyboards Neal Doughty
6%
The Damned (1981-1989) Bass Paul Gray / Bryn Merrick
6%
Thin Lizzy (1974-1978) Drums Brian Downey
5%
The Doobie Brothers (1972-1979) Drums (1973-1979) Keith Knudsen
5%
The Damned (1981-1989) Keyboards, Guitar Roman Jugg
5%
Thin Lizzy (1974-1978) Guitar Scott Gorham
5%
R.E.O. Speedwagon (1976-1988) Drums Alan Gratzer
3%
The Doobie Brothers (1972-1979) Drums John Hartman
3%
No matching quizzes found
Score Distribution
Percent of People with Each Score
Percentile by Number Answered
Your Score History
You have not taken this quiz